|
|
|
|
| LEADER |
01850nam a2200493 i 4500 |
| 001 |
nkc20162858746 |
| 003 |
CZ PrNK |
| 005 |
20170419131041.0 |
| 007 |
ta |
| 008 |
161129s2016 xr f 001 0 eng |
| 015 |
|
|
|a cnb002858746
|
| 020 |
|
|
|a 978-80-7204-940-0
|q (brožováno)
|
| 035 |
|
|
|a (OCoLC)987009214
|
| 040 |
|
|
|a BOA001
|b cze
|d ABA001
|e rda
|
| 041 |
0 |
|
|a eng
|b cze
|b eng
|b ger
|
| 043 |
|
|
|a e------
|
| 072 |
|
7 |
|a 336.1/.5
|x Veřejné finance
|2 Konspekt
|9 4
|
| 080 |
|
|
|a 336.226.12
|2 MRF
|
| 080 |
|
|
|a (4)
|2 MRF
|
| 080 |
|
|
|a (048.8)
|2 MRF
|
| 100 |
1 |
|
|a Široký, Jan,
|d 1964-2020
|7 mzk2003171529
|4 aut
|
| 245 |
1 |
0 |
|a Trend, development, role and importance of corporate taxes in the EU /
|c Jan Široký, Regina Střílková, Michal Krajňák
|
| 250 |
|
|
|a Vydání: první
|
| 264 |
|
1 |
|a Brno :
|b CERM,
|c 2016
|
| 300 |
|
|
|a 112 stran ;
|c 25 cm
|
| 336 |
|
|
|a text
|b txt
|2 rdacontent
|
| 337 |
|
|
|a bez média
|b n
|2 rdamedia
|
| 338 |
|
|
|a svazek
|b nc
|2 rdacarrier
|
| 500 |
|
|
|a 200 výtisků
|
| 504 |
|
|
|a Obsahuje bibliografii, bibliografické odkazy a rejstřík
|
| 546 |
|
|
|a Anglické, české a německé resumé
|
| 650 |
0 |
7 |
|a daň z příjmů právnických osob
|7 ph119341
|z země Evropské unie
|2 czenas
|
| 650 |
0 |
9 |
|a corporation tax
|z European Union countries
|2 eczenas
|
| 655 |
|
7 |
|a monografie
|7 fd132842
|2 czenas
|
| 655 |
|
9 |
|a monographs
|2 eczenas
|
| 700 |
1 |
|
|a Střílková, Regína,
|d 1989-
|7 jo2015860279
|4 aut
|
| 700 |
1 |
|
|a Krajňák, Michal,
|d 1985-
|7 jo2013759094
|4 aut
|
| 910 |
2 |
|
|a BOA001
|b 2-1377.844
|
| 928 |
9 |
|
|a Akademické nakladatelství CERM
|
| 990 |
|
|
|a BK
|
| 995 |
|
|
|a 01
|
| 991 |
|
|
|b 201612
|c NOV
|
| 996 |
6 |
|
|b 2610689737
|c 2-1377.844
|l MZK
|r Sklad / do 1 hodiny
|n 3
|p p.v.
|w 001590562
|u 000010
|a 1
|e BOA001
|j MZK50
|s P
|
| 996 |
7 |
|
|b 2610951730
|c 2-1377.844
|l MZK
|r Sklad / do 1 hodiny
|n 0
|p dar
|w 001590562
|u 000030
|a 1
|e BOA001
|j MZK50
|s A
|